| 000 | 00863 a2200229 4500 | ||
|---|---|---|---|
| 001 | 42330 | ||
| 005 | 20260407155713.0 | ||
| 008 | 260407a1959 arg spa d | ||
| 003 | AR-UNSa-BCEJYS | ||
| 040 |
_aAR-UNSa-BCEJYS _bspa _cAR-UNSa-BCEJYS |
||
| 080 |
_a347 _xDerecho Civil |
||
| 245 | 1 | 0 |
_aTratado de derecho civil argentino _pderechos reales |
| 250 | _a4a. ed. | ||
| 264 | 1 |
_aBuenos Aires : _bTEA (Tipográfica Editora Argentina) _c1959 |
|
| 300 |
_a4 v. _c23 cm. |
||
| 505 | _aVol. III: Del condominio, desmembración de la propiedad, acciones reales -- Vol. IV: Derechos reales de garantía, Publicidad de los derechos reales. Privilegios. Derecho de retención. Leyes que rigen los derechos reales | ||
| 041 | _aspa | ||
| 942 | _cBK | ||
| 590 | _aniveau_biblio:m niveau_hierar:0 | ||
| 100 | 1 | _aSalvat, Raymundo M. | |
| 700 | 1 | _aArgañaras, Manuel J. | |
| 999 |
_c3605 _d3605 |
||